000 00900nam a2200313 a 4500
001 000108131
003 CHAP
005 20220329143959.0
008 131206s2003 nyua |r| |||1|||eng d
010 _a104593
011 _a105565
020 _a0387002308
040 _cCHAP
082 0 4 _a512.002855369
_bH44 2003
100 1 _aHeck, André
_9124978
245 1 0 _aIntroduction to Maple /
_cpor André Heck.
250 _a3 ed.
260 _aNew York :
_bSpringer,
_cc2003.
300 _axvi, 828 p. :
_bgráfs.
590 _aE6096MTM
_b05
_c20131206
_lUCH01
_h1333
590 _aE6096MTM
_b05
_c20131206
_lUCH01
_h1335
590 _aE6096MTM
_b05
_c20131206
_lUCH01
_h1353
650 1 4 _aLenguajes de programación.
_965989
650 1 4 _aMaple (Programación)
_971135
650 1 4 _aProcesamiento automático de datos en matemáticas.
_991800
901 _aBK
942 _cLIBRO
942 _n0
999 _c104593
_d104593